000 01254cab a22002175a 4500
001 L152804
008 110504e20110428xxk 000 0 eng d
035 _a(Sirsi) u152804
041 0 _aeng
100 1 _aEade, Christine
245 0 0 _aMarkets
_bhotels
260 _c2011
490 0 _aProperty Week
_v77(17) 28 April 2011, 45-50(4)
520 _aLeamington Spa's consistenly unsuccessful Regency Arcade shopping centre is to be converted into a Premier Inn. Property developers almost unknown in their own industry are busy in the UK developing hotels by buying franchises of international hotel brands such as Hilton and InterContinental. Savills report s that foreign investment in UK hotels doubled in 2010, the majority of investors coming from Asia. New London hotels are arising from Victorian buildings: the Corinthia Hotel from the Old War Office, Whitehall Place and the as yet unnamed boutique hotel from the Bow Street magistrates' court , Covent Garden.
590 _aKA
651 4 _aEngland
_y886-
690 _aPROPERTY-COMMERCIAL PROPERTY-LEISURE PROPERTY-HOLIDAY AND GUEST PROPERTY-HOTEL PROPERTY-HOTELS
690 _aPROPERTY-COMMERCIAL PROPERTY-COMMERCIAL PROPERTY MARKET
700 1 _aSchaefer-Suren, Jochen
942 _n0
999 _c83101
_d83101